000 00589nam a2200193 4500
001 143838
003 ES-MaACL
005 20230906200904.0
007 t|
008 070214s1978 sp r ||||1| spa d
100 1 _aSforza, Marco Cesarini.
_9105970
245 1 3 _aEl eurocomunismo /
_cM. Cesarini Sforza, Erico Nassi ; [traducción: Jaime Villalba].
250 _a1ª ed.
260 _aBarcelona :
_bLuis de Caralt,
_c1978 (
_fDiamante)
300 _a195 p. ;
_c20 cm.
700 1 _aNassi, Erico.
_984976
700 1 _aVillalba, Jaime.
_9114938
852 _aES-MaACL
_jA-8918
_bR.97504
999 _c143838
_d143838